Top 20 Influenceurs/Youtubers Français 2025 - Statistiques

Statistiques générales
  • Ce quiz a été pris 1 053 fois
  • Le résultat moyen est 7 sur 20
Statistiques - réponses
Classement Millions d'abonnés Réponse % Correct
4 19,5M Squeezie
93%
8 10,4M Michou
80%
2 26,6M Tibo Inshap
80%
10 8,99M Inoxtag
78%
5 14,5M Cyprien
58%
18 6,4M Mastu
53%
11 8,44M Amixem
51%
17 6,5M Joyca
46%
7 11,4M Norman
46%
19 6,3M Mister V
22%
1 27M David Guetta
15%
3 24M DJ Snake
12%
14 7,40M Mcfly & Carlito
11%
20 6,1M FastGoodCuisine
7%
12 8,36M Furious Jumper
5%
13 7,41M Rémi Gaillard
4%
9 9,76M Tuvok12
2%
6 11,6M Mayamystic
1%
16 6,7M Neo & Swan
1%
15 7,26M Tonyczh
0%
Aucun quiz correspondant
Distribution des résultats
% des personnes avec chaque résultat
Percentile par nombre de réponses
Votre historique - résultats
Vous n’avez pas pris ce quiz